Forms of Communication in the Process of Improving Education

Úloha empatie, persuázie a aktívneho počúvania ako spôsobov komunikácie v procese zdokonaľovania vzdelávania.

Gespeichert in:
Bibliographische Detailangaben
1. Verfasser: Szarková, Miroslava, 1951-
Format: Buchkapitel
Sprache:Englisch
Schlagworte:
Tags: Tag hinzufügen
Keine Tags, Fügen Sie das erste Tag hinzu!

MARC

LEADER 00000naa$a2200000$$$4500
001 0164445
005 20240502083404.1
041 0 |a eng 
044 |a HU 
245 1 0 |a Forms of Communication in the Process of Improving Education  |c Miroslava Szarková 
520 |a Úloha empatie, persuázie a aktívneho počúvania ako spôsobov komunikácie v procese zdokonaľovania vzdelávania. 
610 2 0 |a komunikácia 
610 2 0 |a vzdelávanie 
610 2 0 |a empatia 
610 2 0 |a persuázia 
610 2 0 |a študenti 
610 2 0 |a učitelia 
100 1 |a Szarková, Miroslava, 1951-